00825nam a22002177a 4500003000500000005001700005008004100022010001000063011001000073035001000083040000900093082001200102100002000114245020200134260009200336300002200428650002400450650003700474650002000511710007600531CHAP20220329140448.0971013s1979 r 00010 d a52330 a53302 a57452 cCHAP a676bP600aPorres, Carlos. aProducción de pulpa y papel con materias primas autóctonas centroamericanas. I. Producción de pulpa con 17 maderas tropicales de El Petén, Guatemala, empleando el proceso Kraft o al sulfato a(s.l.) :bInstituto Centroamericano de Investigación y Tecnología Industrial,c1979 a28 p.b: apénd.14aMaderas tropicales.14aPapelxFabricación y comercio.14aPulpa de papel.0 aInstituto Centroamericano de Investigación y Tecnología Industrial.